<?xml version="1.0" encoding="UTF-8"?>
<collection xmlns="http://www.loc.gov/MARC21/slim">
 <record>
  <leader>04874ntm a22005537i 4500</leader>
  <controlfield tag="001">000658879</controlfield>
  <controlfield tag="003">CZ-PrVSE</controlfield>
  <controlfield tag="005">20200229164111.0</controlfield>
  <controlfield tag="006">m        d</controlfield>
  <controlfield tag="007">cr n||||||||||</controlfield>
  <controlfield tag="008">200229s2019    xr     fsbm   000 0 cze d</controlfield>
  <datafield tag="STA" ind1=" " ind2=" ">
   <subfield code="a">NEZPRACOVANÝ IMPORT</subfield>
  </datafield>
  <datafield tag="040" ind1=" " ind2=" ">
   <subfield code="a">ABA006</subfield>
   <subfield code="b">cze</subfield>
   <subfield code="c">ABA006</subfield>
   <subfield code="d">ABA006</subfield>
   <subfield code="e">rda</subfield>
  </datafield>
  <datafield tag="100" ind1="1" ind2=" ">
   <subfield code="a">Škopek, Jan</subfield>
   <subfield code="%">ISIS:115996</subfield>
   <subfield code="4">dis</subfield>
  </datafield>
  <datafield tag="242" ind1="1" ind2="0">
   <subfield code="a">Proposal of a Platform for Efficient Collection of Value Added Tax :</subfield>
   <subfield code="b">European Area of Fiscal Neutrality</subfield>
   <subfield code="y">eng</subfield>
  </datafield>
  <datafield tag="245" ind1="1" ind2="0">
   <subfield code="a">Návrh platformy pro efektivní výběr daně z přidané hodnoty :</subfield>
   <subfield code="b">Evropský prostor fiskální neutrality</subfield>
   <subfield code="c">Jan Škopek</subfield>
  </datafield>
  <datafield tag="264" ind1=" " ind2="0">
   <subfield code="c">2019</subfield>
  </datafield>
  <datafield tag="300" ind1=" " ind2=" ">
   <subfield code="a">?? stran :</subfield>
   <subfield code="3">digital, PDF soubor</subfield>
  </datafield>
  <datafield tag="500" ind1=" " ind2=" ">
   <subfield code="a">Vedoucí práce: Ingeborg Němcová</subfield>
  </datafield>
  <datafield tag="502" ind1=" " ind2=" ">
   <subfield code="a">Disertační práce (Ph.D.)—Vysoká škola ekonomická v Praze. Fakulta mezinárodních vztahů, 2020</subfield>
  </datafield>
  <datafield tag="504" ind1=" " ind2=" ">
   <subfield code="a">Obsahuje bibliografii</subfield>
  </datafield>
  <datafield tag="516" ind1=" " ind2=" ">
   <subfield code="a">Textový (vysokoškolská kvalifikační práce)</subfield>
  </datafield>
  <datafield tag="518" ind1=" " ind2=" ">
   <subfield code="a">Rok obhajoby 2020</subfield>
  </datafield>
  <datafield tag="520" ind1="3" ind2=" ">
   <subfield code="a">Předložená disertační práce je zaměřena na problematiku efektivního výběru daně z přidané hodnoty v Evropské unii. Aktuální výpadky příjmů z daně z přidané hodnoty, označované jako „VAT Gap“ dosahují hodnot překračujících 200 mld. EUR ročně a důsledkem daňových úniků, nejčastěji tzv. karuselových podvodů. Ty jsou typické tím, že překračují hranice členských států a představují tak závažný problém v rámci celé Evropské unie. Způsobují tím významné mezery příjmové strany státních rozpočtů i rozpočtu Evropské unie, neboť daň z přidané hodnoty je nejvýznamnějším zdrojem příjmů těchto veřejných rozpočtů. Takto také podstatným způsobem dopadají na míru zadluženosti států Evropské unie.Daňovým unikům na dani z přidané hodnoty napomáhá složitost systému této daně v Evropské unii, který je poznamenán také řadou výjimek. Rovněž rigidní procedury na úrovni Evropské unie neumožňují, aby na takto závažný problém bylo rychle reagováno, přičemž zde neexistuje ani shoda na tom, jak by měl nový systém daně z přidané hodnoty vypadat. Disertační práce se proto zabývá návrhem nástroje, který by představoval řešení problému výběru daně z přidané hodnoty. Cílem disertační práce tedy je navrhnout komplexní změnu systému daně z přidané hodnoty v Evropské unii, která představuje robustní nástroj pro eliminaci daňových úniků. Tímto nástrojem je Evropský prostor fiskální neutrality, jako velmi přehledný systém, který jednoduchým způsobem zamezuje vzniku nadměrných odpočtů, které jsou zdrojem největších daňových úniků. Vytvořený nástroj je založen na specifickém rozšíření principu přenosu daňové povinnosti, a to v daleko větší míře, než jakou představuje všeobecný Reverse Charge. Analýzy provedené v disertační práci prokázaly, že vytvoření Evro</subfield>
  </datafield>
  <datafield tag="520" ind1="8" ind2=" ">
   <subfield code="a">Tyto analýzy pracovaly s ukazateli VAT Gap a VAT Revenue Ratio, kdy byl vývoj hodnot těchto ukazatelů analyzován v kontextu zavádění selektivního režimu přenesení daňové povinnosti, jako relevantní události, neboť přenos daňové povinnosti má účinky, které jsou principiálně podobné Evropskému prostoru fiskální neutrality. Na rozdíl od selektivního Reverse Charge však Evropský prostor fiskální neutrality neumožňuje přechod daňových úniků na jiná zdanitelná plnění. Vytvoření a zavedení Evropského prostoru fiskální neutrality by tedy objektivně vedlo ke zvýšení daňových výnosů z daně z přidané hodnoty a tím tedy ke snížení mezery ve výběru této daně.</subfield>
  </datafield>
  <datafield tag="538" ind1=" " ind2=" ">
   <subfield code="a">Způsob přístupu: Internet</subfield>
  </datafield>
  <datafield tag="653" ind1="0" ind2=" ">
   <subfield code="a">evropská studia [obor disert. práce]</subfield>
  </datafield>
  <datafield tag="655" ind1=" " ind2="7">
   <subfield code="a">disertace</subfield>
   <subfield code="7">fd132024</subfield>
   <subfield code="2">czenas</subfield>
  </datafield>
  <datafield tag="655" ind1=" " ind2="9">
   <subfield code="a">dissertations</subfield>
   <subfield code="2">eczenas</subfield>
  </datafield>
  <datafield tag="690" ind1=" " ind2=" ">
   <subfield code="a">Daňový únik</subfield>
  </datafield>
  <datafield tag="690" ind1=" " ind2=" ">
   <subfield code="a">Evropská unie</subfield>
  </datafield>
  <datafield tag="690" ind1=" " ind2=" ">
   <subfield code="a">Nadměrný odpočet</subfield>
  </datafield>
  <datafield tag="690" ind1=" " ind2=" ">
   <subfield code="a">VAT Gap</subfield>
  </datafield>
  <datafield tag="690" ind1=" " ind2=" ">
   <subfield code="a">Evropský prostor fiskální neutrality</subfield>
  </datafield>
  <datafield tag="690" ind1=" " ind2=" ">
   <subfield code="a">Daň z přidané hodnoty</subfield>
  </datafield>
  <datafield tag="690" ind1=" " ind2=" ">
   <subfield code="a">Reverse Charge</subfield>
  </datafield>
  <datafield tag="700" ind1="1" ind2=" ">
   <subfield code="a">Němcová, Ingeborg,</subfield>
   <subfield code="d">1957-</subfield>
   <subfield code="7">jo20010092688</subfield>
   <subfield code="4">ths</subfield>
  </datafield>
  <datafield tag="700" ind1="1" ind2=" ">
   <subfield code="a">Karpová, Eva</subfield>
   <subfield code="7">jn20001227311</subfield>
   <subfield code="4">opn</subfield>
  </datafield>
  <datafield tag="710" ind1="2" ind2=" ">
   <subfield code="a">Vysoká škola ekonomická v Praze.</subfield>
   <subfield code="b">Fakulta mezinárodních vztahů</subfield>
   <subfield code="7">kn20010709400</subfield>
   <subfield code="4">dgg</subfield>
  </datafield>
  <datafield tag="856" ind1="4" ind2="0">
   <subfield code="u">https://insis.vse.cz/zp/53642/podrobnosti</subfield>
   <subfield code="y">VŠKP v InSIS</subfield>
  </datafield>
  <datafield tag="856" ind1="4" ind2="0">
   <subfield code="u">https://insis.vse.cz/zp/53642</subfield>
   <subfield code="y">Hlavní práce</subfield>
  </datafield>
  <datafield tag="856" ind1="4" ind2="0">
   <subfield code="u">https://insis.vse.cz/zp/53642/posudek/oponent/64689</subfield>
   <subfield code="y">Oponentura</subfield>
  </datafield>
  <datafield tag="856" ind1="4" ind2="0">
   <subfield code="u">https://insis.vse.cz/zp/53642/posudek/oponent/64729</subfield>
   <subfield code="y">Oponentura</subfield>
  </datafield>
  <datafield tag="999" ind1="4" ind2="0">
   <subfield code="u">https://insis.vse.cz/zp/53642/podrobnosti</subfield>
   <subfield code="y">dc:identifier</subfield>
  </datafield>
  <datafield tag="993" ind1=" " ind2=" ">
   <subfield code="x">NEPOSILAT</subfield>
   <subfield code="y">VSKP</subfield>
  </datafield>
  <datafield tag="999" ind1="4" ind2="9">
   <subfield code="a">vse53642</subfield>
   <subfield code="b">200226</subfield>
  </datafield>
  <datafield tag="999" ind1="4" ind2="5">
   <subfield code="x">53642</subfield>
  </datafield>
 </record>
</collection>
